| Registos Bibliográficos associados ao registo de autoridade |
|
Etiqueta de registo: 00000nam 2200025 450 001 2096826 003 http://id.bnportugal.gov.pt/bib/catbnp/2096826 100 ## $a20220405d2020 k y0pory01030103ba 101 0# $aeng$dpor 102 ## $aPT 105 ## $aa m 000yy 106 ## $ar 200 1# $aNovel cork-based compounds for biomedical applications$efrom antibacterials to the modulation of neurodegeneration$fAna Rita Rodrigues Araújo$gorient. Ricardo Alexandre Rodrigues Pires, Rui Luís Gonçalves dos Reis 210 #9 $a[S.l.$cs.n.],$d2020 215 ## $a309 p.$cil.$d30 cm 328 #1 $aTese de Doutoramento em Engenharia de Tecidos, Medicina Regenerativa e Células Estaminais,
I3Bs - Instituto de Investigação em Biomateriais, Biodegradáveis e Biomiméticos da
Universidade do Minho, 2020 675 ## $a678.83(043)$vBN$zpor$31863191 675 ## $a615.27(043)$vBN$zpor$31246492 675 ## $a674.83(043)$vBN$zpor$31256921 675 ## $a616.894(043)$vBN$zpor$31225753 700 #1 $aAraújo,$bAna Rita Rodrigues$31841567 702 #1 $aPires,$bRicardo Alexandre Rodrigues$4727$31226235 702 #1 $aReis,$bRui Luís Gonçalves dos$4727$3138382 801 #0 $aPT$bBN$gRPC 966 ## $lBN$mFGMON$sS.A. 182465 V.$x1 971 ## $carosa$d20220405 972 ## $d20221115$e0$vlrevez$z0 973 ## $cigoulao$d20221108
Etiqueta de registo: 00000nam 2200025 450 001 2265853 003 http://id.bnportugal.gov.pt/bib/catbnp/2265853 010 ## $a978-989-9074-69-9 021 ## $aPT$b550946/25 100 ## $a20260212d2025 m y0pory01030103ba 101 0# $apor 102 ## $aPT 105 ## $aa z 000yy 106 ## $ar 200 1# $a O desafio crítico da sustentabilidade$edo conceito de sustentabilidade às práticas de política$fed. José Cadima Ribeiro$gtextos Ana R. Araújo... [et al.] 210 #9 $aBraga$cUMinho Editora$cFundação Mestre Casais,$d2025 215 ## $a223 p.$cil.$d23 cm 225 2# $aEnsaios para a sustentabilidade$v6 675 ## $a502.13/.14(4-67UE)(042)$vBN$zpor$31991923 675 ## $a551.583(4-67UE)(042)$vBN$zpor$31242826 675 ## $a330.34(4-67UE)(042)$vBN$zpor$31228305 702 #1 $aRibeiro,$bJosé António Cadima,$f1955-$4340$3107080 702 #1 $aAraújo,$bAna Rita Rodrigues$4070$31841567 801 #0 $aPT$bBN$gRPC 856 41 $uhttp://rnod.bnportugal.gov.pt/ImagesBN/winlibimg.aspx?skey=&doc=2265853&img=220437&save=true 900 ## $aBIBNAC$d20260327 966 ## $lBN$mFGMON$sS.A. 193328 V.$x1 966 ## $lBN$mFGMON$sS.A. 193328 V.-D$x1 971 ## $corlando$d20260212 973 ## $cmlsousa$d20260317 975 ## $e0$d20260327$viquintas
|
|
|